[Event "Marburg op-A"]
[Site "Marburg"]
[Date "2023.10.29"]
[Round "7"]
[White "Grunwald, Jonathan"]
[Black "Hilgert, Felix"]
[Result "1/2-1/2"]
[WhiteElo "1749"]
[BlackElo "1900"]
[PlyCount "26"]
[EventDate "2023.10.26"]
[EventType "swiss"]
[EventRounds "7"]
[EventCountry "GER"]
[SourceTitle "CB49_2023"]
[SourceDate "2023.12.06"]
[SourceVersion "1"]
[SourceVersionDate "2023.12.06"]
[SourceQuality "1"]

1. e4 e5 2. Nf3 Nc6 3. Bb5 Nf6 4. 0-0 Nxe4 5. d3 Nd6 6. Bxc6 dxc6 7. Nxe5 Be7 8. Nc3 0-0 9. Re1 Bf6 10. Qh5 g6 11. Qf3 Bg7 12. Bf4 Be6 13. Ne4 Bd5 1/2-1/2

[Event "Marburg op-A"]
[Site "Marburg"]
[Date "2023.10.28"]
[Round "4"]
[White "Diez, Gerhard"]
[Black "Grunwald, Jonathan"]
[Result "1-0"]
[WhiteElo "1976"]
[BlackElo "1749"]
[PlyCount "41"]
[EventDate "2023.10.26"]
[EventType "swiss"]
[EventRounds "7"]
[EventCountry "GER"]
[SourceTitle "CB49_2023"]
[SourceDate "2023.12.06"]
[SourceVersion "1"]
[SourceVersionDate "2023.12.06"]
[SourceQuality "1"]

1. e4 e5 2. Nf3 Nc6 3. Bb5 a6 4. Ba4 Nf6 5. 0-0 b5 6. Bb3 Be7 7. Re1 0-0 8. d4 Nxd4 9. Bxf7+ Rxf7 10. Nxe5 Bc5 11. Nxf7 Kxf7 12. e5 Ne8 13. c3 Ne6 14. Qf3+ Kg8 15. Qxa8 c6 16. Be3 N8c7 17. Qb8 Bxe3 18. Rxe3 a5 19. Nd2 b4 20. Ne4 Nb5 21. Nd6 1-0

[Event "Marburg op-A"]
[Site "Marburg"]
[Date "2023.10.27"]
[Round "3"]
[White "Grunwald, Jonathan"]
[Black "Karaissaridis, Christos"]
[Result "1-0"]
[WhiteElo "1749"]
[BlackElo "1894"]
[PlyCount "87"]
[EventDate "2023.10.26"]
[EventType "swiss"]
[EventRounds "7"]
[EventCountry "GER"]
[SourceTitle "CB49_2023"]
[SourceDate "2023.12.06"]
[SourceVersion "1"]
[SourceVersionDate "2023.12.06"]
[SourceQuality "1"]

1. e4 d6 2. Nc3 Nf6 3. f4 g6 4. Nf3 Bg7 5. Bc4 0-0 6. 0-0 Nxe4 7. Nxe4 d5 8. Bd3 dxe4 9. Bxe4 c6 10. d4 Qb6 11. c3 Nd7 12. Qe1 Nf6 13. Bc2 Nd5 14. f5 Bxf5 15. Bxf5 gxf5 16. Qh4 c5 17. dxc5 Qxc5+ 18. Kh1 e6 19. Bh6 Qe7 20. Ng5 Bxh6 21. Qxh6 f6 22. Nh3 Qg7 23. Qh5 Qg4 24. Qh6 e5 25. Rf3 f4 26. Re1 Kh8 27. Nf2 Qg6 28. Qh3 Rfe8 29. Qd7 e4 30. Rh3 Ne3 31. g3 Rad8 32. Qxb7 Rd2 33. Kg1 Qf5 34. Qf7 Rg8 35. Rh5 Rd7 36. Rxf5 Rxf7 37. Rxf4 Nd5 38. Rfxe4 Rb8 39. Re8+ Rxe8 40. Rxe8+ Kg7 41. c4 Nb6 42. c5 Na4 43. b4 a5 44. Ra8 1-0

[Event "Marburg op-A"]
[Site "Marburg"]
[Date "2023.10.26"]
[Round "1"]
[White "Grunwald, Jonathan"]
[Black "Spiekermann, Stefan"]
[Result "0-1"]
[WhiteElo "1749"]
[BlackElo "1999"]
[PlyCount "76"]
[EventDate "2023.10.26"]
[EventType "swiss"]
[EventRounds "7"]
[EventCountry "GER"]
[SourceTitle "CB49_2023"]
[SourceDate "2023.12.06"]
[SourceVersion "1"]
[SourceVersionDate "2023.12.06"]
[SourceQuality "1"]

1. e4 c5 2. Nc3 Nc6 3. f4 g6 4. Nf3 Bg7 5. Bb5 Nd4 6. 0-0 a6 7. Bc4 e6 8. a4 Ne7 9. d3 d5 10. Ba2 0-0 11. g4 Nec6 12. exd5 exd5 13. Nxd4 Bxd4+ 14. Kh1 Nb4 15. Bb3 Qh4 16. f5 Bd7 17. Bf4 Bc6 18. Bd6 Rfd8 19. Bg3 Qf6 20. Qd2 c4 21. g5 Qe7 22. Rae1 Qc5 23. Qf4 Be3 24. Rxe3 Qxe3 25. fxg6 Qxf4 26. gxh7+ Kxh7 27. Rxf4 d4+ 28. Ne4 cxb3 29. Rh4+ Kg8 30. Be5 Kf8 31. Bf6 Ke8 32. Kg1 bxc2 33. Rh8+ Kd7 34. Nc5+ Kd6 35. Rxd8+ Rxd8 36. Nb3 Re8 37. Bxd4 Nxd3 38. h4 Bxa4 0-1

[Event "GER-chT U20"]
[Site "Muenster"]
[Date "2022.12.29"]
[Round "6"]
[White "Frank, Marek"]
[Black "Grunwald, Jonathan"]
[Result "1-0"]
[WhiteElo "1500"]
[BlackElo "1791"]
[PlyCount "85"]
[EventDate "2022.12.26"]
[EventType "team-swiss"]
[EventRounds "7"]
[EventCountry "GER"]
[SourceTitle "CBM 212 Extra"]
[Source "ChessBase"]
[SourceDate "2023.03.31"]
[SourceVersion "1"]
[SourceVersionDate "2023.03.31"]
[SourceQuality "1"]
[WhiteTeam "Gera"]
[BlackTeam "Biebertal"]
[WhiteTeamCountry "GER"]
[BlackTeamCountry "GER"]

1. e4 e5 2. Nf3 Nc6 3. Bc4 Bc5 4. c3 Nf6 5. d4 exd4 6. e5 d5 7. Bb5 Ne4 8. cxd4 Bb6 9. Nc3 Bg4 10. h3 Bh5 11. Be3 0-0 12. Qc2 Nxc3 13. bxc3 f6 14. exf6 Qxf6 15. Be2 Rae8 16. 0-0 Ne7 17. Ne5 Bxe2 18. Qxe2 Qd6 19. a4 c6 20. f4 Nf5 21. Bf2 Qh6 22. Qg4 Nd6 23. Be3 Ba5 24. Rf3 Nf5 25. Bf2 Qd6 26. h4 Bd8 27. h5 b6 28. Qh3 c5 29. g4 Nh6 30. Rf1 a6 31. Be3 Bc7 32. f5 Qe7 33. g5 Bxe5 34. dxe5 Nf7 35. f6 Qxe5 36. g6 gxf6 37. gxf7+ Rxf7 38. Rg3+ Kf8 39. Bf4 Qe6 40. Qg2 d4 41. Rg8+ Ke7 42. Qb7+ Kd8 43. Qb8+ 1-0

[Event "GER-chT U20"]
[Site "Muenster"]
[Date "2022.12.28"]
[Round "4"]
[White "Kauth, Lukas Michael"]
[Black "Grunwald, Jonathan"]
[Result "0-1"]
[WhiteElo "1488"]
[BlackElo "1791"]
[PlyCount "148"]
[EventDate "2022.12.26"]
[EventType "team-swiss"]
[EventRounds "7"]
[EventCountry "GER"]
[SourceTitle "CBM 212 Extra"]
[Source "ChessBase"]
[SourceDate "2023.03.31"]
[SourceVersion "1"]
[SourceVersionDate "2023.03.31"]
[SourceQuality "1"]
[WhiteTeam "Bebenhausen"]
[BlackTeam "Biebertal"]
[WhiteTeamCountry "GER"]
[BlackTeamCountry "GER"]

1. c4 e5 2. g3 Nc6 3. Bg2 f5 4. Nc3 Nf6 5. e3 Bb4 6. Nge2 Bxc3 7. bxc3 d6 8. 0-0 0-0 9. d4 Qe8 10. d5 Na5 11. c5 dxc5 12. Ba3 b6 13. d6 Bb7 14. dxc7 Bxg2 15. Kxg2 Qc6+ 16. Kg1 Qxc7 17. Qc2 g6 18. c4 Rad8 19. Rfd1 Rxd1+ 20. Rxd1 Rd8 21. Rxd8+ Qxd8 22. Bb2 Nc6 23. Qa4 Qd7 24. f4 Nd4 25. Qxd7 Nxe2+ 26. Kf2 Nxd7 27. Kxe2 e4 28. a4 Kf7 29. h3 h5 30. Bc3 Ke6 31. Bb2 Nb8 32. Be5 Nc6 33. Bc3 Kd6 34. Kd2 Nb4 35. Be5+ Kc6 36. Kc3 Nd3 37. Bb8 a6 38. h4 Nf2 39. Kc2 b5 40. axb5+ axb5 41. cxb5+ Kxb5 42. Ba7 Nd3 43. Kd2 Nb4 44. Bb8 Nd5 45. Be5 Kb4 46. Bd6 Kb5 47. Be5 Ka4 48. Bd6 c4 49. Bc5 Kb3 50. Bd4 c3+ 51. Kc1 c2 52. Kd2 Nb4 53. Bc5 Nd3 54. Ba3 Kxa3 55. Kxc2 Kb4 56. Kd2 Kb3 57. Kd1 Kc3 58. Ke2 Kc2 59. g4 hxg4 60. h5 gxh5 61. Kf1 Kd2 62. Kg2 Kxe3 63. Kg3 h4+ 64. Kg2 Nxf4+ 65. Kh1 g3 66. Kg1 h3 67. Kh1 Kf3 68. Kg1 e3 69. Kf1 Nd3 70. Kg1 e2 71. Kh1 Ne5 72. Kg1 Ng4 73. Kh1 g2+ 74. Kg1 h2# 0-1

[Event "GER-chT U20"]
[Site "Muenster"]
[Date "2022.12.27"]
[Round "1"]
[White "Grunwald, Jonathan"]
[Black "Fock, Amina"]
[Result "0-1"]
[WhiteElo "1791"]
[BlackElo "1827"]
[PlyCount "92"]
[EventDate "2022.12.26"]
[EventType "team-swiss"]
[EventRounds "7"]
[EventCountry "GER"]
[SourceTitle "CBM 212 Extra"]
[Source "ChessBase"]
[SourceDate "2023.03.31"]
[SourceVersion "1"]
[SourceVersionDate "2023.03.31"]
[SourceQuality "1"]
[WhiteTeam "Biebertal"]
[BlackTeam "Kreuzberg"]
[WhiteTeamCountry "GER"]
[BlackTeamCountry "GER"]

1. e4 c5 2. Nc3 Nc6 3. f4 g6 4. Nf3 Bg7 5. Bb5 Nd4 6. 0-0 Nxb5 7. Nxb5 d5 8. d3 a6 9. Nc3 dxe4 10. dxe4 Qxd1 11. Rxd1 Bxc3 12. bxc3 Nf6 13. e5 Ne4 14. Re1 Nxc3 15. e6 f6 16. Bd2 Nb5 17. Ba5 0-0 18. Rad1 Nd6 19. Bb6 Nf5 20. Bxc5 Re8 21. g4 Ng7 22. Nd4 b5 23. f5 Bb7 24. a4 Rac8 25. Ba3 bxa4 26. Kf2 Kf8 27. g5 Nh5 28. gxf6 Nxf6 29. Rg1 Be4 30. Bc1 Kg7 31. fxg6 hxg6 32. Rd2 Rc3 33. Bb2 Rh3 34. Ke1 Rb8 35. c4 a3 36. Ba1 Rb1+ 37. Rd1 Rxh2 38. Rxb1 Bxb1 39. Rg3 a2 40. c5 Rh1+ 41. Kd2 Be4 42. c6 Rxa1 43. Nb3 Rh1 44. c7 Rh8 45. Rg1 Rc8 46. Ra1 Bb1 0-1

[Event "GER-chT U20"]
[Site "Kiel"]
[Date "2022.07.25"]
[Round "6.7"]
[White "Grunwald, Jonathan"]
[Black "Renk, Jonas"]
[Result "0-1"]
[WhiteElo "1801"]
[BlackElo "1897"]
[PlyCount "84"]
[EventDate "2022.07.22"]
[EventType "team-swiss"]
[EventRounds "7"]
[EventCountry "GER"]
[SourceTitle "CBM 209 Extra"]
[Source "ChessBase"]
[SourceDate "2022.09.30"]
[SourceVersion "1"]
[SourceVersionDate "2022.09.30"]
[SourceQuality "1"]
[WhiteTeam "Biebertal"]
[BlackTeam "Langen"]
[WhiteTeamCountry "GER"]
[BlackTeamCountry "GER"]

1. e4 c5 2. Nc3 a6 3. Nf3 d6 4. g3 g6 5. Bg2 Bg7 6. d3 Nc6 7. 0-0 e6 8. Ne1 Nge7 9. f4 0-0 10. Nf3 b5 11. a4 b4 12. Ne2 Bb7 13. c3 d5 14. Be3 Qa5 15. Qc2 Rac8 16. Nd2 d4 17. Nc4 Qd8 18. Bd2 dxc3 19. bxc3 bxc3 20. Bxc3 Nb4 21. Qb2 Bxc3 22. Nxc3 Qxd3 23. Rfd1 Qxc4 24. Bf1 Nd3 25. Qxb7 Qd4+ 26. Kg2 Qxc3 27. Bxd3 Nc6 28. Qxa6 Nb4 29. Qc4 Qb2+ 30. Kg1 Rfd8 31. Be2 Rd4 32. Rab1 Rxc4 33. Rxb2 Rxe4 34. a5 c4 35. Bf3 c3 36. Bxe4 cxb2 37. Rb1 Rc4 38. a6 Nxa6 39. Bd3 Rc1+ 40. Kf2 Nb4 41. Be4 Rxb1 42. Bxb1 Nd5 0-1

[Event "GER-chT U20"]
[Site "Kiel"]
[Date "2022.07.25"]
[Round "5.7"]
[White "Weller, Uli"]
[Black "Grunwald, Jonathan"]
[Result "1-0"]
[WhiteElo "2195"]
[BlackElo "1801"]
[PlyCount "49"]
[EventDate "2022.07.22"]
[EventType "team-swiss"]
[EventRounds "7"]
[EventCountry "GER"]
[SourceTitle "CBM 209 Extra"]
[Source "ChessBase"]
[SourceDate "2022.09.30"]
[SourceVersion "1"]
[SourceVersionDate "2022.09.30"]
[SourceQuality "1"]
[WhiteTeam "Augsburg"]
[BlackTeam "Biebertal"]
[WhiteTeamCountry "GER"]
[BlackTeamCountry "GER"]

1. e4 e5 2. Nc3 Nf6 3. f4 d6 4. Nf3 Nc6 5. Bb5 Bd7 6. 0-0 Be7 7. Kh1 exf4 8. d4 a6 9. Be2 Bg4 10. Bxf4 0-0 11. Qd3 d5 12. e5 Ne4 13. Nxd5 Qxd5 14. c4 Qd7 15. Qxe4 Bf5 16. Qe3 Rad8 17. Rad1 b6 18. d5 Nb8 19. Qc3 a5 20. Nd4 Rfe8 21. Qg3 Bg6 22. h4 h5 23. e6 Qa4 24. Bxc7 Rc8 25. d6 1-0

[Event "GER-chT U20"]
[Site "Kiel"]
[Date "2022.07.24"]
[Round "3.4"]
[White "Koll, Linus"]
[Black "Grunwald, Jonathan"]
[Result "1-0"]
[WhiteElo "2033"]
[BlackElo "1801"]
[PlyCount "128"]
[EventDate "2022.07.22"]
[EventType "team-swiss"]
[EventRounds "7"]
[EventCountry "GER"]
[SourceTitle "CBM 209 Extra"]
[Source "ChessBase"]
[SourceDate "2022.09.30"]
[SourceVersion "1"]
[SourceVersionDate "2022.09.30"]
[SourceQuality "1"]
[WhiteTeam "Karlsruhe SF"]
[BlackTeam "Biebertal"]
[WhiteTeamCountry "GER"]
[BlackTeamCountry "GER"]

1. e4 e5 2. Nf3 Nc6 3. Bc4 Bc5 4. c3 Nf6 5. d3 0-0 6. 0-0 h6 7. Be3 Bb6 8. Nbd2 d5 9. exd5 Nxd5 10. Bxb6 axb6 11. Re1 Re8 12. Nf1 Bf5 13. Ng3 Bg6 14. a3 Nf4 15. d4 exd4 16. Rxe8+ Qxe8 17. Nxd4 Rd8 18. Qf3 Nxd4 19. Qxf4 b5 20. cxd4 bxc4 21. Qxc7 Rxd4 22. Qxb7 Qa4 23. h3 h5 24. Qb8+ Kh7 25. Qe5 Rd3 26. Nxh5 Rd1+ 27. Kh2 f6 28. Nxf6+ gxf6 29. Qe7+ Kh6 30. Rxd1 Qxd1 31. Qxf6 Qc2 32. g4 Kh7 33. h4 Bd3 34. h5 Qe2 35. Kg3 Qd1 36. Qf7+ Kh6 37. Qf8+ Kh7 38. Qe7+ Kh6 39. Qe6+ Kh7 40. Qe7+ Kh6 41. Qe3+ Kh7 42. Qa7+ Kh6 43. Qb6+ Kh7 44. Qb7+ Kh6 45. Kh4 Qg1 46. Qb6+ Kh7 47. Kg5 Qg2 48. Qc7+ Kg8 49. Qd8+ Kf7 50. Qf6+ Kg8 51. f3 Qd2+ 52. f4 Qa5+ 53. f5 Qc5 54. Kg6 Qc7 55. h6 Qh7+ 56. Kg5 Qc7 57. Qe6+ Kh7 58. Qg6+ Kh8 59. Qe8+ Kh7 60. a4 c3 61. Qg6+ Kh8 62. Qf6+ Kh7 63. Qxc3 Qd8+ 64. Qf6 Qc7 1-0

[Event "GER-chT U20"]
[Site "Willingen"]
[Date "2021.06.26"]
[Round "6"]
[White "Kamp, Aaron"]
[Black "Grunwald, Jonathan"]
[Result "0-1"]
[WhiteElo "1771"]
[BlackElo "1798"]
[PlyCount "114"]
[EventDate "2021.06.24"]
[EventType "team-swiss"]
[EventRounds "7"]
[EventCountry "GER"]
[SourceTitle "CBM 203 Extra"]
[Source "ChessBase"]
[SourceDate "2021.09.30"]
[SourceVersion "1"]
[SourceVersionDate "2021.09.30"]
[SourceQuality "1"]
[WhiteTeam "Muenster"]
[BlackTeam "Biebertal"]
[WhiteTeamCountry "GER"]
[BlackTeamCountry "GER"]

1. e4 e5 2. d4 exd4 3. Nf3 Nc6 4. Bc4 Nf6 5. e5 d5 6. Bb5 Ne4 7. Nxd4 Bd7 8. Bxc6 bxc6 9. 0-0 Be7 10. f3 Nc5 11. Be3 0-0 12. f4 f6 13. Nd2 fxe5 14. fxe5 Qe8 15. b4 Rxf1+ 16. Qxf1 Ne6 17. c3 a5 18. bxa5 Rxa5 19. N2b3 Ra3 20. Qc1 Qa8 21. Qd2 Nc5 22. Nxc5 Bxc5 23. e6 Be8 24. Nf5 Qa7 25. Qf2 Bxe3 26. Nxe3 Rxc3 27. Re1 Qd4 28. e7 Qf6 29. Ng4 Qxf2+ 30. Kxf2 Kf7 31. a4 Ra3 32. Ne5+ Kf6 33. Ng4+ Kg5 34. h3 Rxa4 35. Re5+ Kg6 36. Re3 h5 37. Ne5+ Kf6 38. Nd3 Ra3 39. Ke2 c5 40. Nxc5 Rxe3+ 41. Kxe3 Kxe7 42. h4 Kf6 43. Na6 c6 44. Nc5 Kf5 45. Kf3 Bf7 46. Nd3 d4 47. Nc5 Bd5+ 48. Kf2 Kg4 49. g3 Kf5 50. Ke2 Ke5 51. Nd3+ Kd6 52. Nf4 Bf7 53. Kd3 Ke5 54. Nh3 c5 55. Ng5 c4+ 56. Kd2 c3+ 57. Kd3 Bg6+ 0-1

[Event "GER-chT U20"]
[Site "Willingen"]
[Date "2021.06.25"]
[Round "3"]
[White "Nicklaus, Timm"]
[Black "Grunwald, Jonathan"]
[Result "1-0"]
[WhiteElo "1727"]
[BlackElo "1798"]
[PlyCount "61"]
[EventDate "2021.06.24"]
[EventType "team-swiss"]
[EventRounds "7"]
[EventCountry "GER"]
[SourceTitle "CBM 203 Extra"]
[Source "ChessBase"]
[SourceDate "2021.09.30"]
[SourceVersion "1"]
[SourceVersionDate "2021.09.30"]
[SourceQuality "1"]
[WhiteTeam "Plauen Koenig"]
[BlackTeam "Biebertal"]
[WhiteTeamCountry "GER"]
[BlackTeamCountry "GER"]

1. Nf3 d5 2. g3 Nf6 3. Bg2 c5 4. 0-0 Nc6 5. d3 e6 6. Nbd2 Bd6 7. Re1 0-0 8. e4 Bc7 9. h4 h5 10. Nh2 g6 11. f4 e5 12. f5 gxf5 13. exf5 Bxf5 14. Rf1 Bg4 15. Bf3 Qd7 16. Qe1 Nd4 17. Bd1 Bxd1 18. Qxd1 Ng4 19. Ndf3 Nf5 20. Nxg4 hxg4 21. Nh2 Nxg3 22. Nxg4 Kh8 23. Rf6 c4 24. Qf3 Rg8 25. Bg5 Bb6+ 26. Kg2 e4 27. Qxg3 Bd4 28. Qf4 Rae8 29. Rxf7 Qe6 30. Bf6+ Bxf6 31. Qh6# 1-0

[Event "GER-chT U16"]
[Site "Aurich"]
[Date "2018.12.29"]
[Round "5.4"]
[White "Grunwald, Jonathan"]
[Black "Prieb, Robert"]
[Result "1/2-1/2"]
[WhiteElo "1716"]
[BlackElo "1802"]
[PlyCount "86"]
[EventDate "2018.12.27"]
[EventType "team-swiss"]
[EventRounds "7"]
[EventCountry "GER"]
[SourceTitle "CBM 188 Extra"]
[Source "ChessBase"]
[SourceDate "2019.02.26"]
[SourceVersion "1"]
[SourceVersionDate "2019.02.26"]
[SourceQuality "1"]
[WhiteTeam "Biebertal"]
[BlackTeam "Bochum SG"]
[WhiteTeamCountry "GER"]
[BlackTeamCountry "GER"]

1. e4 c5 2. Nc3 a6 3. f4 e6 4. g3 d5 5. d3 Nc6 6. Bg2 d4 7. Nce2 Nf6 8. h3 Be7 9. Nf3 0-0 10. 0-0 b5 11. g4 Bb7 12. a3 Qb6 13. g5 Nd7 14. Qe1 g6 15. Ng3 c4 16. f5 Nde5 17. Nxe5 Nxe5 18. Bf4 Bd6 19. Bxe5 Bxe5 20. f6 Qc7 21. Ne2 cxd3 22. cxd3 Qc2 23. Nf4 Bxf4 24. Rxf4 Qxd3 25. Qh4 h5 26. gxh6 Kh7 27. Qe1 Qe3+ 28. Qxe3 dxe3 29. Re1 Rfd8 30. Rxe3 Rac8 31. Re2 g5 32. Rff2 Rc1+ 33. Kh2 Kxh6 34. Kg3 Kg6 35. h4 Rg1 36. Kh2 Rc1 37. e5 Bxg2 38. Rxg2 Rc4 39. Rxg5+ Kh6 40. Rg7 Rd7 41. Kg3 Rd3+ 42. Kg2 Rd7 43. Kh3 Rd3+ 1/2-1/2

[Event "GER-chT U14"]
[Site "Duesseldorf"]
[Date "2016.12.28"]
[Round "3.2"]
[White "Holinka, Henning"]
[Black "Grunwald, Jonathan"]
[Result "1-0"]
[WhiteElo "2044"]
[BlackElo "1526"]
[PlyCount "47"]
[EventDate "2016.12.27"]
[EventType "team-swiss"]
[EventRounds "7"]
[EventCountry "GER"]
[SourceTitle "EXT 2018"]
[Source "ChessBase"]
[SourceDate "2017.10.13"]
[SourceVersion "1"]
[SourceVersionDate "2017.10.13"]
[SourceQuality "1"]
[WhiteTeam "Hamburger SK U14"]
[BlackTeam "Biebertal U14"]
[WhiteTeamCountry "GER"]
[BlackTeamCountry "GER"]

1. e4 e5 2. Nf3 Nc6 3. Bc4 Bc5 4. c3 Nf6 5. d3 0-0 6. 0-0 d5 7. exd5 Nxd5 8. Nbd2 Re8 9. Re1 Bg4 10. h3 Bh5 11. Ne4 Bb6 12. Ng3 Bg6 13. Bb5 Nf4 14. d4 f6 15. Bxf4 exf4 16. Ne2 Qd6 17. Qd2 a6 18. Bc4+ Kf8 19. Qxf4 Qd7 20. Ng3 Ne7 21. Ne5 Qc8 22. Ng4 Ng8 23. Re5 c5 24. Rxe8+ 1-0

[Event "GER-chT U12"]
[Site "Magdeburg"]
[Date "2015.12.27"]
[Round "1.2"]
[White "Gerold, Robin"]
[Black "Grunwald, Jonathan"]
[Result "0-1"]
[WhiteElo "1090"]
[BlackElo "1643"]
[PlyCount "106"]
[EventDate "2015.12.27"]
[EventType "team-swiss"]
[EventRounds "7"]
[EventCountry "GER"]
[SourceTitle "EXT 2017"]
[Source "ChessBase"]
[SourceDate "2016.10.25"]
[SourceVersion "1"]
[SourceVersionDate "2016.10.25"]
[SourceQuality "1"]
[WhiteTeam "Biberach"]
[BlackTeam "Biebertal"]
[WhiteTeamCountry "GER"]
[BlackTeamCountry "GER"]

1. e4 e5 2. Nf3 Nc6 3. Bc4 Bc5 4. d3 d6 5. Be3 Bb6 6. Nc3 Nf6 7. h3 h6 8. Ne2 Be6 9. Bb3 0-0 10. 0-0 Qd7 11. Bxe6 Qxe6 12. Qd2 Nd7 13. c3 f5 14. exf5 Qxf5 15. Ng3 Qe6 16. Rfe1 d5 17. Bxb6 axb6 18. d4 e4 19. Nh4 Ne7 20. Nf3 Nf5 21. Nxf5 Qxf5 22. Nh2 Rf6 23. Ng4 Rg6 24. Ne3 Qxh3 25. Qe2 Nf6 26. Rf1 Nh5 27. f3 Nf4 28. Qc2 Rg5 29. g4 exf3 30. Rf2 Qg3+ 31. Kf1 Ne2 32. Ke1 Qg1+ 33. Rf1 Qxe3 34. Qd2 Qxd2+ 35. Kxd2 Rf8 36. Rf2 Rxg4 37. Raf1 Rg2 38. Rxg2 fxg2 39. Rxf8+ Kxf8 40. Kxe2 g1Q 41. Kd2 Qf2+ 42. Kc1 Ke7 43. a3 Ke6 44. Kb1 c5 45. dxc5 bxc5 46. Ka2 c4 47. a4 Kd6 48. a5 Kc5 49. a6 bxa6 50. Ka1 Kb5 51. Ka2 Ka4 52. Kb1 Kb3 53. Kc1 Qc2# 0-1

[Event "Hessen-ch U12"]
[Site "Bad Homburg"]
[Date "2015.04.01"]
[Round "3"]
[White "Grunwald, Jonathan"]
[Black "Roehm, Adrian"]
[Result "1-0"]
[WhiteElo "1316"]
[BlackElo "1105"]
[PlyCount "67"]
[EventDate "2015.03.30"]
[EventType "swiss"]
[EventRounds "9"]
[EventCountry "GER"]
[SourceTitle "EXT 2017"]
[Source "ChessBase"]
[SourceDate "2016.10.25"]
[SourceVersion "1"]
[SourceVersionDate "2016.10.25"]
[SourceQuality "1"]

1. e4 c6 2. d4 d5 3. Nc3 dxe4 4. Nxe4 Bf5 5. Ng3 Bg6 6. Bc4 Nf6 7. Nf3 Nbd7 8. 0-0 e6 9. Re1 Be7 10. Nh4 Nd5 11. Nxg6 hxg6 12. Qf3 N7f6 13. c3 Qc7 14. h3 Bd6 15. Ne4 Nxe4 16. Rxe4 0-0-0 17. Bg5 Rde8 18. Rae1 Rhf8 19. Qd3 Be7 20. Bd2 Bd6 21. b4 f5 22. Rxe6 Rxe6 23. Rxe6 Bf4 24. Bxd5 cxd5 25. Bxf4 Qxf4 26. Qe3 Qh4 27. Rxg6 f4 28. Qe6+ Kb8 29. Qd6+ Kc8 30. Qxf8+ Kc7 31. Qxg7+ Kc8 32. Qf8+ Kc7 33. Qf7+ Kd8 34. Rg8# 1-0

[Event "Hessen-ch U12"]
[Site "Bad Homburg"]
[Date "2015.03.30"]
[Round "2"]
[White "Grunwald, Jonathan"]
[Black "Zeng, Jonas"]
[Result "0-1"]
[WhiteElo "1316"]
[BlackElo "1008"]
[PlyCount "94"]
[EventDate "2015.03.30"]
[EventType "swiss"]
[EventRounds "9"]
[EventCountry "GER"]
[SourceTitle "EXT 2017"]
[Source "ChessBase"]
[SourceDate "2016.10.25"]
[SourceVersion "1"]
[SourceVersionDate "2016.10.25"]
[SourceQuality "1"]

1. e4 e5 2. Nf3 Nc6 3. d4 d6 4. dxe5 dxe5 5. Qxd8+ Kxd8 6. Bb5 Nd4 7. Nxe5 Be6 8. Bd3 f6 9. Nf3 Nxf3+ 10. gxf3 Bd6 11. Nc3 Ne7 12. Bd2 c5 13. 0-0-0 Be5 14. f4 Bd4 15. Bb5 Kc7 16. f5 Bf7 17. Bf4+ Kb6 18. Be2 a6 19. a3 Nc6 20. Na4+ Ka7 21. Be3 b6 22. b3 Rhe8 23. Bd3 Bh5 24. Rdg1 Re7 25. Rg3 Be5 26. f4 Bd4 27. c3 Bxe3+ 28. Rxe3 Bf7 29. Kc2 Rc8 30. Rg1 Na5 31. c4 b5 32. Nb2 g6 33. fxg6 hxg6 34. cxb5 Bxb3+ 35. Kc3 axb5 36. Rxg6 b4+ 37. axb4 cxb4+ 38. Kxb4 Rb7+ 39. Ka3 Rc3 40. Na4 Nc4+ 41. Bxc4 Rxe3 42. Bxb3 Rbxb3+ 43. Ka2 Ra3+ 44. Kb2 Rxa4 45. Rxf6 Raxe4 46. h4 Rh3 47. Rf7+ Kb8 0-1

[Event "Karl Mala Memorial op-B 16th"]
[Site "Frankfurt"]
[Date "2013.07.13"]
[Round "5"]
[White "Grunwald, Jonathan"]
[Black "Jayakumar, Sharun"]
[Result "1-0"]
[WhiteElo "1064"]
[BlackElo "771"]
[PlyCount "85"]
[EventDate "2013.07.11"]
[EventType "swiss"]
[EventRounds "7"]
[EventCountry "GER"]
[SourceTitle "CBM 155 Extra"]
[Source "ChessBase"]
[SourceDate "2013.08.26"]
[SourceVersion "1"]
[SourceVersionDate "2013.08.26"]
[SourceQuality "1"]

1. e4 d6 2. d4 g6 3. Nf3 Bg7 4. Bc4 Nf6 5. 0-0 0-0 6. Bf4 Nxe4 7. Re1 Nf6 8. Qe2 Nc6 9. Nc3 a6 10. Rad1 b5 11. Bd5 Bb7 12. Bxc6 Bxc6 13. Qxe7 Qxe7 14. Rxe7 Rac8 15. Rde1 Rfe8 16. Rxe8+ Bxe8 17. Bg5 c5 18. dxc5 dxc5 19. Bxf6 Bxf6 20. Nd5 Bxb2 21. Ne7+ Kf8 22. Nxc8 Bc3 23. Re3 Bf6 24. Nd6 Be7 25. Nxe8 Kxe8 26. Nd2 Kf8 27. Kf1 Bg5 28. Re2 Bxd2 29. Rxd2 a5 30. Rd5 b4 31. Rxc5 a4 32. Ke2 b3 33. cxb3 axb3 34. axb3 Ke7 35. Ke3 Kd6 36. Kd4 h5 37. b4 f5 38. b5 h4 39. Rc6+ Kd7 40. Kd5 Ke7 41. Rd6 g5 42. Ke5 f4 43. h3 1-0

[Event "Hessen-ch U10"]
[Site "Bad Homburg"]
[Date "2013.??.??"]
[Round "4"]
[White "Grunwald, Jonathan"]
[Black "Papadopoulos, Ioannis1111"]
[Result "0-1"]
[WhiteElo "1104"]
[BlackElo "1122"]
[PlyCount "68"]
[EventDate "2013.03.??"]
[EventType "swiss"]
[EventRounds "9"]
[EventCountry "GER"]
[SourceTitle "EXT 2014"]
[Source "ChessBase"]
[SourceDate "2013.11.20"]
[SourceVersion "1"]
[SourceVersionDate "2013.11.20"]
[SourceQuality "1"]

1. e4 e5 2. Nf3 Nc6 3. d4 exd4 4. Nxd4 Bc5 5. Be3 Qf6 6. c3 Nge7 7. Bc4 0-0 8. 0-0 d6 9. Qd3 Ne5 10. Qe2 Nxc4 11. Qxc4 Qg6 12. Nf5 Nxf5 13. exf5 Bxf5 14. Re1 Rfe8 15. Nd2 Bxe3 16. Rxe3 Rxe3 17. fxe3 Qe6 18. Qxe6 Bxe6 19. Nb3 Bxb3 20. axb3 a6 21. Ra4 f6 22. Re4 Kf7 23. Kf2 Re8 24. Rxe8 Kxe8 25. Kf3 Ke7 26. Ke4 Ke6 27. c4 g5 28. g4 a5 29. h3 h6 30. b4 axb4 31. b3 c5 32. Kd3 Ke5 33. Kd2 Ke4 34. Ke2 b6 0-1